Ñáñañáóél (Record no. 255)
[ view plain ]
| 000 -LEADER | |
|---|---|
| campo de control de longitud fija | 00180nam a22000977a 4500 |
| 003 - IDENTIFICADOR DE NÚMERO DE CONTROL | |
| campo de control | 44 |
| 005 - FECHA Y HORA DE LA ÚLTIMA TRANSACCIÓN | |
| campo de control | 20220326193258.0 |
| 008 - DATOS DE LONGITUD FIJA--INFORMACIÓN GENERAL | |
| campo de control de longitud fija | 140630b |
| 040 ## - FUENTE DE CATALOGACIÓN | |
| Centro/agencia transcriptor | ñakalñañaña |
| 245 ## - MENCIÓN DEL TÍTULO | |
| Título | Ñáñañáóél |
| Estatus retirado | Estado de pérdida | Fuente del sistema de clasificación o colocación | Estado de daño | No para préstamo | Biblioteca de origen | Biblioteca actual | Fecha de adquisición | Total de préstamos | Código de barras | Visto por última vez | Precio de reemplazo | Tipo de ítem Koha |
|---|---|---|---|---|---|---|---|---|---|---|---|---|
| Clasificación Decimal Dewey | Biblioteca LadoV | Biblioteca LadoV | 30/06/2014 | 3988 | 30/06/2014 | 30/06/2014 | Material 01 |
